Pierwiastki chemiczne o najdłuższej nazwie - Statystyki

Ogólne statystyki
  • Ten quiz został rozwiązany 288 razy
    270 od ostatniego zresetowania
  • Średni wynik to 6 z 12
Statystyki odpowiedzi
Liczba liter Pierwiastek % Poprawnych
8 Einstein
67%
8 Kopernik
63%
8 Oganeson
57%
8 Mendelew
54%
10 Darmsztadt
51%
9 Prazeodym
51%
10 Rutherford
47%
8 Kaliforn
45%
9 Protaktyn
44%
8 Molibden
43%
8 Liwermor
38%
8 Roentgen
35%
Nie znaleziono quizów pasujących do podanych kryteriów
Rozkład punktacji
Procent ludzi z każdym wynikiem
Percentyl według liczby udzielonych odpowiedzi
Twoja historia wyników
Nie rozwiązałeś tego quizu od ostatniego zresetowania